|
|
|
|
| LEADER |
00000nam0a2200000 4500 |
| 001 |
346958 |
| 005 |
20231102005937.0 |
| 010 |
|
|
|a 9785977539944
|
| 035 |
|
|
|a (RuTPU)RU\TPU\book\378843
|
| 035 |
|
|
|a RU\TPU\book\338025
|
| 090 |
|
|
|a 346958
|
| 100 |
|
|
|a 20211215d2020 km y0rusy50 ca
|
| 101 |
0 |
|
|a rus
|
| 102 |
|
|
|a RU
|
| 105 |
|
|
|a y z 001zy
|
| 200 |
1 |
|
|a Python 3. Самое необходимое
|f Н. А. Прохоренок, В. А. Дронов
|
| 205 |
|
|
|a 2-е изд.
|
| 210 |
|
|
|a Санкт-Петербург
|c БХВ-Петербург
|d 2020
|
| 215 |
|
|
|a 605 с.
|
| 225 |
1 |
|
|a Самое необходимое
|
| 320 |
|
|
|a Предметный указатель: с. 585-605
|
| 330 |
|
|
|a Описан базовый синтаксис языка Python 3: типы данных, операторы, условия, циклы, регулярные выражения, встроенные функции, классы и объекты, итераторы и перечисления, обработка исключений, часто используемые модули стандартной библиотеки. Даны основы SQLite, описан интерфейс доступа к базам данных SQLite и MySQL, в том числе посредством ODBC. Рассмотрена работа с изображениями с помощью библиотек Pillow и Wand, получение данных из Интернета и работа с архивами различных форматов. Книга содержит более двухсот практических примеров, помогающих начать программировать на языке Python самостоятельно. Весь материал тщательно подобран, хорошо структурирован и компактно изложен, что позволяет использовать книгу как удобный справочник.Электронное приложение-архив, доступное на сайте издательства, содержит листинги описанных в книге примеров.
|
| 606 |
1 |
|
|a Python
|2 stltpush
|3 (RuTPU)RU\TPU\subj\80204
|9 87977
|
| 610 |
1 |
|
|a языки программирования
|
| 610 |
1 |
|
|a синтаксис
|
| 610 |
1 |
|
|a регулярные выражения
|
| 610 |
1 |
|
|a функции
|
| 610 |
1 |
|
|a возможности
|
| 675 |
|
|
|a 004.432
|v 4
|
| 700 |
|
1 |
|a Прохоренок
|b Н. А.
|g Николай Анатольевич
|
| 701 |
|
1 |
|a Дронов
|b В. А.
|g Владимир Александрович
|
| 801 |
|
1 |
|a RU
|b 63413507
|c 20151225
|
| 801 |
|
2 |
|a RU
|b 63413507
|c 20220117
|g RCR
|
| 900 |
|
|
|a Языки программирования
|
| 900 |
|
|
|a Программирование
|
| 900 |
|
|
|a Программирование на языке высокого уровня
|
| 942 |
|
|
|c BK
|